El sol a la distancia /

Guardado en:
Autor Principal: Córdoba, Iside
Formato: Libro
Publicado: Bahía Blanca : Encestando, 1997
Materias:
Etiquetas: Agregar Etiqueta
Sin Etiquetas, Sea el primero en etiquetar este registro!
LEADER 00630nam a22002175a 4500
001 CEM.cems009537
005 20080901095956.0
008 130507s1997##################000#0#####d
003 CEMS
082 0 4 |a A861.4 
100 1 |a Córdoba, Iside 
245 1 0 |a El sol a la distancia /  |c Iside Córdoba 
260 |a Bahía Blanca :  |b Encestando,  |c 1997 
300 |a 106 p. 
653 |a Bahía blanca-literatura 
653 |a Literatura 
653 |a Literatura argentina-siglo 20 
653 |a Poesía 
653 |a Poesías argentinas-siglo 20 
653 |a Autores bahienses 
859 |a CEMS  |b BIB. CEMS - 11 de abril  |h A861.4  |i C812  |p 19303.97  |t Ej.1